| 000 | 02803cam a22004578i 4500 | ||
|---|---|---|---|
| 001 | 21567057 | ||
| 005 | 20221005155407.0 | ||
| 008 | 200616s2020 nyu b 001 0 eng | ||
| 010 | _a 2020025048 | ||
| 020 |
_a9780367617219 _q(hardback) |
||
| 020 |
_a9780367622701 _q(paperback) |
||
| 020 |
_z9781003108207 _q(ebook) |
||
| 020 |
_z9781000220896 _q(adobe pdf) |
||
| 020 |
_z9781000220957 _q(epub) |
||
| 020 |
_z9781000220926 _q(mobi) |
||
| 040 |
_aDLC _beng _erda _cDLC |
||
| 042 | _apcc | ||
| 043 | _aa-cc--- | ||
| 050 | 0 | 0 |
_aHQ1075.5.C6 _bL535 2020 |
| 082 | 0 | 0 |
_a305.30951 _bZHU |
| 100 | 1 |
_aLi, Zhuying, _eauthor. _999151 |
|
| 245 | 1 | 0 |
_aGender hierarchy of masculinity and femininity during the Chinese Cultural Revolution : _brevolutionary opera films / _cZhuying Li. |
| 263 | _a2011 | ||
| 264 | 1 |
_aNew York : _bRoutledge, _c2020. |
|
| 300 | _avolumes cm. | ||
| 336 |
_atext _btxt _2rdacontent |
||
| 337 |
_aunmediated _bn _2rdamedia |
||
| 338 |
_avolume _bnc _2rdacarrier |
||
| 490 | 0 | _aFocus on global gender and sexuality | |
| 504 | _aIncludes bibliographical references and index. | ||
| 520 |
_a"Focusing on the influence of Maoist ideology and masculinist power on the representations of women in revolutionary opera films made during the Cultural Revolution, this book considers the gendered hierarchy between masculinity and femininity in relation to the historic and cultural context in which they were made. Using feminist methodology and epistemology to locate women's social identity, this book explores the sociological connections between the masculinisation of women and masculinist domination in the context of the Cultural Revolution. Through film analysis the author examines whether women rather than "liberated" were in fact re-gendered and oppressed by masculinist power. By critically evaluating gender hierarchy during the Chinese Cultural Revolution, the book provides hitherto neglected insights into gender within its social and cultural context. This an interdisciplinary book which should appeal to students and scholars across a range of disciplines, including gender studies, Asian Studies, China Studies, Cultural Studies and film studies"-- _cProvided by publisher. |
||
| 650 | 0 |
_aSex role _zChina. _999152 |
|
| 650 | 0 |
_aMasculinity _zChina. _999153 |
|
| 650 | 0 |
_aFemininity _zChina. _999154 |
|
| 650 | 0 |
_aRevolutionary operas _zChina. _999155 |
|
| 651 | 0 |
_aChina _xHistory _yCultural Revolution, 1966-1976. _999148 |
|
| 776 | 0 | 8 |
_iOnline version: _aLi, Zhuying, _tGender hierarchy of masculinity and femininity during the Chinese Cultural Revolution _dNew York : Routledge, 2020. _z9781003108207 _w(DLC) 2020025049 |
| 906 |
_a7 _bcbc _corignew _d1 _eecip _f20 _gy-gencatlg |
||
| 942 |
_2ddc _cBK |
||
| 999 |
_c591504 _d591504 |
||